书目信息 |
| 题名: |
乱读术
|
|
| 作者: | 外山滋比古 著 ;夏瑞红 译 | |
| 分册: | ||
| 出版信息: | 北京 机械工业出版社 2016 |
|
| 页数: | X, 178页 | |
| 开本: | 20cm | |
| 丛书名: | ||
| 单 册: | ||
| 中图分类: | G792 | |
| 科图分类: | ||
| 主题词: | 读书方法--du shu fang fa | |
| 电子资源: | ||
| ISBN: | 978-7-111-55102-7 | |
| 000 | 01186nam0 2200301 450 | |
| 001 | CAL 012016149126 | |
| 005 | 20170615153507.25 | |
| 010 | @a978-7-111-55102-7@b精装@dCNY39.00 | |
| 099 | @aCAL 012016149126 | |
| 100 | @a20161117d2016 em y0chiy50 ea | |
| 101 | 1 | @achi@cjpn |
| 102 | @aCN@b110000 | |
| 105 | @ay z 000yy | |
| 106 | @ar | |
| 200 | 1 | @a乱读术@Aluan du shu@d= Randoku no serendipity@f(日) 外山滋比古著@g夏瑞红译@zeng |
| 210 | @a北京@c机械工业出版社@d2016 | |
| 215 | @aX, 178页@c@d20cm | |
| 306 | @a由FUSOSHA PUBLISHING INC通过Bardon-Chinese Media Agency授权出版 | |
| 314 | @a外山滋比古, 目前为日本御茶水女子大学名誉教授, 全日本家庭教育研究会前总裁。 | |
| 330 | @a本书共分为十六章, 主要内容包括不赠书 ; 劣书驱逐好书 ; 读书百遍的神话 ; 读书, 但不要成为书的俘虏 ; 像风一样轻快地阅读 ; 乱读的意义 ; Serendipity ; 从乱读中获取《修辞的残像》灵感 ; 读者的存在 ; 编辑力等。 | |
| 510 | 1 | @aRandoku no serendipity@zeng |
| 606 | 0 | @a读书方法@Adu shu fang fa |
| 690 | @aG792@v5 | |
| 701 | 0 | @a外山滋比古@Awai shan zi bi gu@4著 |
| 702 | 0 | @a夏瑞红@Axia rui hong@4译 |
| 801 | 0 | @aCN@bZHONGJIAO@c20170609@g |
| 905 | @aBZT@dG792@e16 | |
| 906 | @dCNY39.00@n3@r1 | |
| 乱读术= Randoku no serendipity/(日) 外山滋比古著/夏瑞红译.-北京:机械工业出版社,2016 |
| X, 178页;20cm |
| ISBN 978-7-111-55102-7(精装):CNY39.00 |
| 本书共分为十六章, 主要内容包括不赠书 ; 劣书驱逐好书 ; 读书百遍的神话 ; 读书, 但不要成为书的俘虏 ; 像风一样轻快地阅读 ; 乱读的意义 ; Serendipity ; 从乱读中获取《修辞的残像》灵感 ; 读者的存在 ; 编辑力等。 |
| ● |
| 相关链接 |
|
|
|
正题名:乱读术
索取号:G792/16
 
预约/预借
| 序号 | 登录号 | 条形码 | 馆藏地/架位号 | 状态 | 备注 |
| 1 | 831467 | 2000831467 | 第二书库/ [索取号:G792/16] | 在馆 | |
| 2 | 831469 | 2000831469 | 第二书库/ [索取号:G792/16] | 在馆 |